Rosco de Pasapalabra #50 - Estadísticas

Estadísticas generales
  • Esta prueba ha sido intentada 310 veces
  • La puntuación promedio es 11 de 25
Estadísticas de respuestas
Inicial Definición Respuesta % Correcto
A Cada una de las instalaciones recreativas, como las norias y las montañas rusas, que se montan en las ferias Atracción
92%
H Olor desagradable y penetrante Hedor
75%
P Tabla pequeña con un agujero por donde el pintor mete el pulgar y sobre la que tiene ordenados los colores Paleta
74%
G En los cuentos infantiles, geniecillo o enano Gnomo
73%
T Vía subterránea abierta artificialmente para el paso de personas y vehículos Túnel
71%
M Cartílago que forma parte de la articulación de la rodilla y sirve para facilitar el juego de ésta Menisco
70%
O Llamativo por su apariencia lujosa o aparatosa Ostentoso
64%
Contiene la Ñ Entre niños de enseñanza primaria, profesora Señorita
64%
Contiene la Q Documento de pago para cobrar una cantidad determinada de los fondos que quien lo expide tiene en un banco Cheque
63%
J Mueble para guardar juguetes Juguetero
62%
Contiene la Y Línea de luz que procede de un cuerpo luminoso, especialmente del Sol Rayo
62%
C Parte posterior de la caja de un arma de fuego, por la que se apoya o sujeta para disparar Culata
60%
N Dulce cremoso que se hace con leche, huevos y azúcar, cocido a fuego lento Natillas
57%
E Aparato conecta a un ordenador que permite digitalizar imágenes Escáner
51%
D Se dice del suplemento de prensa que se vende los domingos conjuntamente con algunos periódicos Dominical
43%
B Cubo que se emplea en las embarcaciones para sacar y transportar agua Balde
40%
Contiene la X Variedad de sílice que se usó como material para fabricar útiles prehistóricos Sílex
27%
L Sorber suavemente las abejas el jugo de las flores Libar
25%
V Huerto con abundancia de flores y árboles frutales Vergel
24%
S Habitante imaginario de la Luna Selenita
18%
U Utopía histórica construida a partir de datos hipotéticos Ucronía
6%
R Ciudad de Alemania donde se firmó la tregua que puso fin a la guerra franco-española que aconteció entre 1683 y 1684 Ratisbona
5%
F Terreno de pasto situado entre los límites de dos pueblos, que se aprovecha en común por ellos Facería
2%
I Apellido del noble que fue nombrado condestable de Castilla por el rey Enrique IV en 1458 y ocupó el cargo hasta 1473 Iranzo
1%
Z Vasija grande de barro sin vidriar, de boca ancha y con una o dos asas Zalona
1%
No se encontraron pruebas coincidentes
Distribución de puntuación
Porcentaje de gente con cada puntuación
Porcentaje por número respondido
Historial de tus puntuaciones
No has intentado esta prueba.